[Event "27th Open"]
[Site "Cappelle la Grande FRA"]
[Date "2011.03.02"]
[Round "6.76"]
[White "Grabinsky,V"]
[Black "Molina Rodriguez,B"]
[Result "0-1"]
[WhiteElo "2303"]
[BlackElo "2053"]

1.Nf3 Nf6 2.c4 e6 3.Nc3 b6 4.d4 Bb4 5.e3 O-O 6.Bd3 Bb7 7.O-O Bxc3 8.bxc3 d6
9.Qc2 Nbd7 10.e4 e5 11.g3 Re8 12.Re1 Nf8 13.Rb1 Ba6 14.Nh4 Ne6 15.Nf5 Qd7
16.f3 Rab8 17.a4 Nh5 18.Be3 Kh8 19.Qg2 f6 20.Ra1 Qf7 21.Rf1 Nf8 22.Qe2 Ne6
23.f4 g6 24.Nh6 Qg7 25.f5 Ng5 26.Ng4 gxf5 27.exf5 e4 28.Bc2 Nf3+ 29.Rxf3 Qxg4
30.Rf2 Qxe2 31.Rxe2 Bxc4 32.Rg2 Ng7 33.g4 Re7 34.Rb1 Rg8 35.Bb3 Bxb3 36.Rxb3 d5
37.c4 dxc4 38.Rc3 Rd7 39.Rxc4 Ne8 40.h4 Nd6 41.Rc6 Rdg7 42.g5 Nxf5 43.Bf4 Nxh4
44.Rg4 Nf3+ 45.Kf2 Nxd4 46.Rxf6 Re8 47.Bd2 c5 48.Ke3 Nc2+ 49.Ke2 Kg8 50.Bc3 Nd4+
51.Ke3 Rg6 52.Rf2 h6 53.Bxd4 cxd4+ 54.Kxd4 Rxg5 55.Rxe4 Rxe4+ 56.Kxe4 Kg7
57.Rc2 Kg6 58.Kf4 Rf5+ 59.Ke4 Ra5 60.Rg2+ Rg5 61.Rd2 Rg4+ 62.Ke5 Rxa4 63.Rg2+ Kh5
64.Rh2+ Kg5 65.Rg2+ Rg4 66.Ra2 a5 67.Rb2 h5 68.Rxb6 Rb4 69.Ra6 a4 70.Ra8 Kg4
71.Rg8+ Kf3 72.Rf8+ Kg3 73.Rg8+ Rg4 74.Rc8 h4 75.Kf5 Rf4+ 76.Kg5 h3 77.Rc3+ Rf3
78.Rc4 h2 79.Rg4+ Kf2  0-1

[Event "TCh-CZE 2010-11"]
[Site "Czech Rep CZE"]
[Date "2011.03.05"]
[Round "8.6"]
[White "Markos,J"]
[Black "Michenka,J"]
[Result "1-0"]
[WhiteElo "2546"]
[BlackElo "2372"]

1.d4 Nf6 2.c4 e6 3.Nf3 b6 4.Nc3 Bb7 5.Bg5 Bb4 6.Qc2 h6 7.Bh4 O-O 8.e3 d6
9.Bd3 Nbd7 10.O-O-O Bxc3 11.Qxc3 c5 12.d5 exd5 13.cxd5 Qe8 14.Bg3 Ne4 15.Bxe4 Qxe4
16.Nd2 Qxd5 17.Nc4 Qe6 18.Rxd6 Qf5 19.e4 Qg5+ 20.Ne3 Nf6 21.h4 Qg6 22.Nf5 Rfe8
23.h5 Qg5+ 24.f4 Nxe4 25.fxg5 Nxc3 26.bxc3 Bxg2 27.Rh2 Be4 28.Rf2 hxg5 29.Rd7 Bxf5
30.Rxf5 Re3 31.Rxg5 Rxc3+ 32.Kb2 Rf3 33.h6 Re8 34.Rxg7+ Kh8 35.Be5 Rf2+ 36.Kc3 Rf3+
37.Kc4 Rf5 38.Rgxf7+ Rfxe5 39.Rh7+ Kg8 40.Rdg7+  1-0

[Event "ch-PriFO A"]
[Site "Tolyatti RUS"]
[Date "2011.03.11"]
[Round "2.28"]
[White "Sanzhaev,D"]
[Black "Kniazev,Al"]
[Result "1/2-1/2"]
[WhiteElo "2170"]
[BlackElo "2242"]

1.d4 Nf6 2.c4 e6 3.Nf3 b6 4.Nc3 Bb4 5.Bg5 Bb7 6.e3 h6 7.Bh4 Bxc3+ 8.bxc3 d6
9.Nd2 Qe7 10.f3 e5 11.Bf2 e4 12.Be2 Nbd7 13.O-O a5 14.Qc2 exf3 15.Bxf3 Bxf3
16.gxf3 O-O 17.Kh1 Nh5 18.Qf5 g6 19.Rg1 Kh7 20.Qg4 Qe6 21.Qg2 f5 22.Rae1 Rae8
23.Bg3 f4 24.Bxf4 Nxf4 25.exf4 Qf5 26.Ne4 Nf6 27.Nxf6+ Qxf6 28.Qg4 Qf5 29.Qxf5 gxf5
30.Kg2 Kg6 31.Kf2+ Kf7 32.h4 Rxe1 33.Rxe1 Re8 34.Rb1 Re6 35.h5 Re8 36.Rb5 Kf6
37.a4 Re6 38.Rb2 Re7 39.Rb1 Re8 40.Rg1 Kf7 41.Rb1 Kf6 42.Rb5 Re6 43.c5 dxc5
44.dxc5 Rc6 45.cxb6 cxb6 46.Ke2 Rxc3 47.Rxb6+ Kg7 48.Rb5 Rc4 49.Rxa5 Rxf4
50.Ke3 Rb4 51.Ra6 Kf7 52.a5 Ra4 53.Rxh6 f4+ 54.Kd3 Rxa5 55.Rh7+ Kg8 56.Rb7 Re5
57.Kc4 Rxh5 58.Kd4 Rh7 59.Rb8+ Kg7 60.Ke5 Rh5+ 61.Kxf4 Ra5 62.Kg4 Kf6 63.f4 Ra6
64.Rb5 Kg6 65.Rg5+ Kf6 66.Rh5 Ra4 67.Rh6+ Kg7 68.Rb6 Ra5 69.f5 Ra1 70.Rb7+ Kf6  1/2-1/2

[Event "Skopje Spring Open 2011"]
[Site "Skopje MKD"]
[Date "2011.03.21"]
[Round "3"]
[White "Tairi,A"]
[Black "Hadzi Manev,L"]
[Result "0-1"]
[WhiteElo "1950"]
[BlackElo "2184"]

1.d4 Nf6 2.Nf3 e6 3.c4 b6 4.Nc3 Bb4 5.Qc2 Bb7 6.a3 Bxc3+ 7.Qxc3 Ne4 8.Qc2 f5
9.b3 d6 10.e3 Nd7 11.Bb2 Ndf6 12.Bd3 Qe7 13.a4 Ng4 14.Bxe4 fxe4 15.Ng1 O-O
16.Nh3 Qh4 17.Qe2 g5 18.Rc1 Rf7 19.Rc2 Raf8 20.Ba3 e5 21.Bb2 Re8 22.Bc3 exd4
23.Bxd4 Bc8 24.Qf1 c5 25.g3 Qh6 26.Nxg5 Qxg5 27.h4 Qh6 28.Qe2  0-1

[Event "1st Armen Norouz Cup"]
[Site "Esfahan IRI"]
[Date "2011.03.31"]
[Round "9"]
[White "Mirab,A"]
[Black "Ghadiri,R"]
[Result "0-1"]
[WhiteElo "2092"]
[BlackElo "1718"]

1.d4 Nf6 2.c4 e6 3.Nf3 b6 4.Nc3 Bb7 5.Bg5 Bb4 6.Qb3 c5 7.a3 Bxc3+ 8.Qxc3 d6
9.Rd1 Nbd7 10.dxc5 Nxc5 11.Qd4 d5 12.b4 Nce4 13.e3 Nxg5 14.Nxg5 h6 15.Nf3 O-O
16.c5 bxc5 17.bxc5 Ne4 18.Ne5 Qa5+ 19.Qb4 Qxc5 20.Bd3 Qc7 21.Qd4 Nc5 22.Be2 Qa5+
23.Qb4 Qxb4+ 24.axb4 Ne4 25.Rc1 Rfc8 26.O-O Nc3 27.Bf3 Ba6 28.Rfe1 Rc7 29.Rc2 Rac8
30.Rec1 f6 31.Nd7 Bd3 32.Nc5 Bxc2 33.Rxc2 Na4  0-1

[Event "Telin International Open"]
[Site "Jakarta INA"]
[Date "2011.04.06"]
[Round "8.1"]
[White "Gagunashvili,M"]
[Black "Irwanto,S"]
[Result "1/2-1/2"]
[WhiteElo "2599"]
[BlackElo "2417"]

1.d4 Nf6 2.c4 e6 3.Nf3 b6 4.Nc3 Bb7 5.Bg5 Bb4 6.Nd2 h6 7.Bh4 Bxc3 8.bxc3 d6
9.f3 Nbd7 10.e4 Qe7 11.Bd3 g5 12.Bf2 O-O-O 13.Qe2 Rhg8 14.Nb3 Nh5 15.g3 Nhf6
16.a4 e5 17.h3 c5 18.a5 Kc7 19.Nd2 h5 20.d5 g4 21.Kd1 gxh3 22.Rxh3 Rb8 23.Nf1 Nf8
24.Ne3 Bc8 25.Rh1 Ng6 26.Nf5 Qf8 27.Kc2 Ne7 28.Ne3 Bd7 29.Qd2 Rb7 30.axb6+ axb6
31.Ra2 Ng6 32.Ng2 Ne7 33.Ra6 Qg7 34.Nh4 Ng6 35.Qg5 Ne7 36.Qc1 Rgb8 37.Qa3 Ng6
38.Ra7 Nxh4 39.Rxh4 Qg6 40.Qa1 Rxa7 41.Qxa7+ Rb7 42.Qa1 Qg8 43.Rh1 Qb8 44.Qb2 Ra7
45.Ra1 Rxa1 46.Qxa1 Kb7 47.Qh1 Qa7 48.Kb2 Qa4 49.Qf1 Qa8 50.Qh1 Qa4 51.Qa1 Qxa1+
52.Kxa1 Ba4 53.Be2 Bd7 54.Be3 Nh7 55.Kb2 Kc7 56.Kc2 Kd8 57.Bd3 Ke7 58.Kd2 f6
59.Ke2 Kf7 60.Kf2 Kg6 61.f4 Bg4 62.Bc2 Kf7  1/2-1/2

[Event "Zagreb Open B"]
[Site "Zagreb CRO"]
[Date "2011.04.12"]
[Round "2.19"]
[White "Rebrina,V"]
[Black "Soldo,R"]
[Result "1-0"]
[WhiteElo "2029"]
[BlackElo "2200"]

1.d4 Nf6 2.c4 e6 3.Nf3 b6 4.Nc3 Bb7 5.Bg5 Bb4 6.Qc2 h6 7.Bd2 O-O 8.e3 Be7
9.Bd3 c5 10.Rd1 cxd4 11.exd4 d6 12.O-O a6 13.Ne4 Nbd7 14.Rfe1 Rc8 15.Qb3 Qc7
16.Rc1 Rfe8 17.Bf4 Nh5 18.Bd2 Qb8 19.Qd1 Nhf6 20.h3 Qa8 21.Qe2 d5 22.Nxf6+ Bxf6
23.cxd5 Bxd5 24.Be3 b5 25.b3 Red8 26.Bb1 Nf8 27.Rxc8 Rxc8 28.Rd1 Rc3 29.Ne1 Be4
30.Bd2 Bxb1 31.Bxc3 Be4 32.f3 Bd5 33.Nc2 Ng6 34.Ne3 Nf4 35.Qf1 Bb7 36.Ng4 Be7
37.Bd2 Nd5 38.Qd3 Bd6 39.Nf2 Qd8 40.Ne4 Bb8 41.Nc5 Bc8 42.Qe4 Qd6 43.f4 Ba7
44.Rc1 Bb8 45.g3 Qd8 46.Be1 b4 47.Bf2 h5 48.h4 Bd6 49.Qe2 Qa5 50.Ne4 Nc3
51.Rxc3 bxc3 52.Nxd6 Bd7 53.Nc4 Qd5 54.Ne5 Bc8 55.Qc4  1-0

[Event "XXV Catalunya Open"]
[Site "Barcelona ESP"]
[Date "2011.04.16"]
[Round "1"]
[White "Vidarte Morales,A"]
[Black "Tortosa Moros,J"]
[Result "1-0"]
[WhiteElo "2391"]
[BlackElo "1799"]

1.d4 Nf6 2.c4 e6 3.Nf3 b6 4.Nc3 Bb4 5.Bg5 Bb7 6.e3 h6 7.Bh4 g5 8.Bg3 Ne4
9.Qc2 h5 10.h4 g4 11.Nd2 Nxg3 12.fxg3 Bxc3 13.bxc3 d6 14.e4 Qe7 15.Bd3 Nd7
16.a4 a5 17.O-O O-O-O 18.Rab1 Rdf8 19.Kh2 Rh6 20.c5 dxc5 21.Bb5 cxd4 22.cxd4 Nf6
23.Nc4 Bxe4 24.Nxb6+ Kd8 25.Qd2 Bxb1 26.Rxb1 cxb6 27.Qxh6 Kc8 28.Ba6+ Kd8
29.Rxb6 Nd7 30.Rb7 Qd6 31.Bb5 Nb6 32.Rxb6 Qxb6 33.Qxf8+ Kc7 34.Qxf7+ Kb8
35.Qxh5 Qxd4 36.Qe8+  1-0

[Event "XXV Catalunya Open"]
[Site "Barcelona ESP"]
[Date "2011.04.19"]
[Round "4"]
[White "Garcia i Riera,J"]
[Black "Capellades Subirana,M"]
[Result "0-1"]
[WhiteElo "1943"]
[BlackElo "2223"]

1.d4 Nf6 2.c4 e6 3.Nf3 b6 4.Nc3 Bb4 5.e3 Bb7 6.Bd3 Ne4 7.Qc2 Ng5 8.e4 Nxf3+
9.gxf3 Qf6 10.Be2 Nc6 11.d5 Nd4 12.Qd3 exd5 13.exd5 O-O-O 14.Bd2 Rde8 15.Ne4 Bxd2+
16.Kxd2 Qh6+ 17.Qe3 Nxe2 18.Kxe2 f5 19.Qxh6 gxh6 20.Kd3 fxe4+ 21.fxe4 Rhf8
22.Ke3 c6  0-1

[Event "15th Neckar Open"]
[Site "Deizisau GER"]
[Date "2011.04.23"]
[Round "4"]
[White "Greenfeld,A"]
[Black "Stark,L"]
[Result "1-0"]
[WhiteElo "2571"]
[BlackElo "2418"]

1.d4 Nf6 2.Nf3 e6 3.c4 b6 4.Nc3 Bb4 5.Bg5 h6 6.Bh4 Bb7 7.Qb3 Qe7 8.e3 c5
9.O-O-O O-O 10.d5 d6 11.Bxf6 gxf6 12.Nh4 Rd8 13.g3 Nd7 14.Bg2 Ne5 15.f4 Ng4
16.Rhe1 f5 17.Re2 Rab8 18.e4 Bxc3 19.Qxc3 Qf6 20.Qc2 h5 21.dxe6 fxe6 22.exf5 e5
23.h3 Nh6 24.fxe5 dxe5 25.Rxd8+ Qxd8 26.Rxe5 Qd4 27.Qe2 Nf7 28.Re8+ Rxe8
29.Qxe8+ Kg7 30.Bxb7 Qxc4+ 31.Kd2 Qd4+ 32.Ke1 Qg1+ 33.Ke2 Qd4 34.Qe6 Qxb2+
35.Kf1 Qa1+ 36.Kg2 Qb2+ 37.Kh1 Qa1+ 38.Kh2 Qb2+ 39.Bg2 Qf6 40.Qd7 Qd4 41.Bd5 Qb2+
42.Ng2 Qf6 43.h4  1-0

[Event "Cez Cup GM 2011"]
[Site "Frydek Mistek CZE"]
[Date "2011.04.23"]
[Round "7"]
[White "Rojicek,V"]
[Black "Straka,Jos"]
[Result "1/2-1/2"]
[WhiteElo "2422"]
[BlackElo "2304"]

1.d4 Nf6 2.c4 e6 3.Nf3 b6 4.Nc3 Bb7 5.Bg5 Be7 6.e3 Ne4 7.Bxe7 Qxe7 8.Qc2 Nxc3
9.Qxc3 d6 10.c5 O-O 11.Be2 bxc5 12.dxc5 Ba6 13.Bxa6 Nxa6 14.cxd6 cxd6 15.Rc1 Qb7
16.O-O Rfc8 17.Qd2 d5 18.Rxc8+ Rxc8 19.Rc1 Rxc1+ 20.Qxc1 Nb4 21.Qc3 h6 22.a3 Nc6
23.h3 a5 24.b3 Qb6 25.g3 Kh8 26.Nd4 Nxd4 27.exd4 e5 28.b4 axb4 29.Qxb4 Qc7
30.Qc5 Qd7 31.dxe5 d4 32.Qd6 Qa7 33.h4 Kg8 34.Qd8+ Kh7 35.Qd5 Kg8 36.Qb3 Qa6
37.Qb8+ Kh7 38.Qd6 Qd3 39.Qd7 Qe4 40.Qxf7 d3 41.Qd7 Qe1+ 42.Kg2 d2 43.Qd3+ Kh8
44.Qd8+ Kh7 45.Qd3+  1/2-1/2

[Event "15th Neckar Open"]
[Site "Deizisau GER"]
[Date "2011.04.25"]
[Round "8"]
[White "Greenfeld,A"]
[Black "Farago,I"]
[Result "1-0"]
[WhiteElo "2571"]
[BlackElo "2448"]

1.d4 Nf6 2.Nf3 e6 3.c4 b6 4.Nc3 Bb4 5.Bg5 h6 6.Bh4 Bb7 7.Nd2 Nc6 8.a3 Bxc3
9.bxc3 Ne7 10.f3 Ng6 11.Bf2 O-O 12.e3 c5 13.Bd3 Nh5 14.dxc5 bxc5 15.Bxg6 fxg6
16.Qb1 Qc7 17.Qxg6 Qe5 18.O-O Qf5 19.Qxf5 exf5 20.Nb3 Rac8 21.Rfd1 Nf6 22.Rd6 Kf7
23.Na5 Bc6 24.h3 Rfe8 25.Nxc6 Rxc6 26.Rxc6 dxc6 27.Rb1 Re7 28.g4 g6 29.Rb8 Re8
30.Rb7+ Re7 31.Rxe7+ Kxe7 32.gxf5 gxf5 33.Bh4  1-0

[Event "Sten Open"]
[Site "Hradec Kralove CZE"]
[Date "2011.05.09"]
[Round "2"]
[White "Steiner,Pavel"]
[Black "Kastner,O"]
[Result "0-1"]
[WhiteElo "1897"]
[BlackElo "2121"]

1.d4 Nf6 2.c4 e6 3.Nf3 b6 4.Nc3 Bb7 5.Bg5 h6 6.Bh4 Be7 7.Qc2 c5 8.e4 cxd4
9.Nxd4 d6 10.Be2 Nbd7 11.f4 Rc8 12.O-O Qc7 13.Kh1 Nc5 14.Bf3 g5 15.fxg5 hxg5
16.Bxg5 d5 17.h3 dxe4 18.Be2 Qe5 19.Bxf6 Bxf6 20.Rad1 Be7 21.Ndb5 a6 22.Na3 Qg3
23.Bg4 Qxg4  0-1

[Event "2nd ch-Region Officer House Open"]
[Site "Lviv UKR"]
[Date "2011.05.10"]
[Round "9.1"]
[White "Salevich,V"]
[Black "Ustiyanovich,N"]
[Result "1/2-1/2"]
[WhiteElo "2064"]
[BlackElo "2204"]

1.c4 Nf6 2.d4 e6 3.Nf3 b6 4.Nc3 Bb4 5.Qc2 Bb7 6.Bg5 h6 7.Bd2 O-O 8.e3 d6
9.Bd3 Nbd7 10.e4 e5  1/2-1/2

[Event "ch-Asian Individual w"]
[Site "Mashhad IRI"]
[Date "2011.05.10"]
[Round "9.2"]
[White "Huang Qian"]
[Black "Karavade,E"]
[Result "1/2-1/2"]
[WhiteElo "2394"]
[BlackElo "2330"]

1.d4 Nf6 2.Nf3 e6 3.c4 b6 4.Nc3 Bb4 5.Bg5 h6 6.Bh4 g5 7.Bg3 Ne4 8.Qc2 Bb7
9.e3 d6 10.Nd2 Bxc3 11.bxc3 f5 12.Nxe4 Bxe4 13.Qb2 Nd7 14.f3 Bc6 15.Bd3 Qf6
16.Bf2 O-O 17.h4 e5 18.hxg5 hxg5 19.O-O-O e4 20.Be2 Qg6 21.f4 g4 22.Bh4 Rf7
23.Qb3 Rb8 24.Kd2 Kg7 25.Bg5 Rh8 26.Rxh8 Kxh8 27.Rh1+ Rh7 28.Rxh7+ Qxh7 29.c5 Qg8
30.Bc4 d5 31.Bb5 Qe6 32.Bd8 bxc5 33.Bxc7 cxd4 34.cxd4 Nb6 35.Bxb6 axb6 36.g3 Kg7
37.Qa4 Bxb5 38.Qxb5 Qd6 39.Kc2 Qa3 40.Qxd5 Qxe3 41.Qe5+ Kg6 42.Qe6+ Kg7 43.Qe7+ Kg8
44.Qe6+  1/2-1/2

[Event "2nd SP Masters Blitz"]
[Site "Sao Paulo BRA"]
[Date "2011.05.10"]
[Round "2.1"]
[White "Vescovi,G"]
[Black "Milos,G"]
[Result "1-0"]
[WhiteElo "2634"]
[BlackElo "2597"]

1.d4 Nf6 2.c4 e6 3.Nf3 b6 4.Nc3 Bb4 5.Bg5 Bb7 6.Nd2 c5 7.d5 Bxc3 8.bxc3 h6
9.Bh4 exd5 10.cxd5 g5 11.Bg3 Bxd5 12.e4 Nxe4 13.Nxe4 Bxe4 14.Bd6 Qf6 15.Qd2 Nc6
16.O-O-O Bf5 17.Ba6 Be6 18.Rhe1 Ne7 19.Be5 Qg6 20.Bxh8  1-0

[Event "ch-Moscow KO"]
[Site "Moscow RUS"]
[Date "2011.05.18"]
[Round "1.4"]
[White "Kuprijanov,A"]
[Black "Mozharov,M"]
[Result "0-1"]
[WhiteElo "2114"]
[BlackElo "2469"]

1.d4 Nf6 2.Nf3 e6 3.c4 b6 4.Nc3 Bb4 5.Qc2 Bb7 6.a3 Bxc3+ 7.Qxc3 Ne4 8.Qc2 f5
9.e3 O-O 10.Be2 d6 11.b4 Nd7 12.Bb2 Ndf6 13.O-O Qe8 14.d5 e5 15.Nd2 Nxd2
16.Qxd2 Qg6 17.f4 exf4 18.exf4 Rae8 19.Bf3 Ne4 20.Qc2 Re7 21.a4 c6 22.dxc6 Bxc6
23.Ra3 Rc8 24.Qd3 h6 25.a5 Qf7 26.axb6 axb6 27.Qd4 b5 28.Rc1 Rce8 29.Re3 bxc4
30.Rxc4 Nf6 31.Rcc3 Be4 32.Bxe4 Rxe4 33.Rxe4 Rxe4 34.Rc8+ Kh7 35.Qxd6 Re1+
36.Kf2 Ne4+ 37.Kxe1 Nxd6 38.Rc2 Qb3 39.Kd2 Nc4+ 40.Kc1 Qe3+ 41.Kb1 Nd2+ 42.Ka1 Qa7+  0-1

[Event "Serbian Cup 2011"]
[Site "Valjevo SRB"]
[Date "2011.05.18"]
[Round "3.2"]
[White "Lajthajm,B"]
[Black "Abramovic,B"]
[Result "1/2-1/2"]
[WhiteElo "2475"]
[BlackElo "2467"]

1.d4 Nf6 2.c4 e6 3.Nf3 b6 4.Nc3 Bb7 5.Bg5 h6 6.Bh4 Be7 7.Qc2 d5 8.Rd1 O-O
9.e3 Ne4 10.Bg3 Nd7 11.cxd5 Nxg3 12.hxg3 exd5 13.g4 Re8 14.Qf5 c6 15.g5 g6
16.Qh3 Bf8 17.gxh6 Bd6 18.Bd3 Nf8 19.h7+ Kh8 20.Kf1 Ne6 21.Ne5 Bxe5 22.dxe5 Nc5
23.Bc2 Rxe5 24.Qg3 Qf6 25.Kg1 Rae8 26.Rd4 Bc8  1/2-1/2

[Event "Trophee Roza Lallemand"]
[Site "Chalons en Champagne FRA"]
[Date "2011.05.22"]
[Round "8.6"]
[White "Soubirou,O"]
[Black "Roumegous,M"]
[Result "0-1"]
[WhiteElo "2015"]
[BlackElo "2133"]

1.d4 e6 2.c4 Nf6 3.Nf3 b6 4.Nc3 Bb4 5.Qb3 c5 6.Bg5 h6 7.Bh4 Bb7 8.e3 O-O
9.O-O-O Nc6 10.d5 Na5 11.Qc2 Bxc3 12.bxc3 Qc7 13.Bxf6 gxf6 14.Qe4 f5 15.Qh4 Kg7
16.g4 Qd8 17.gxf5 Qxh4 18.Nxh4 exd5 19.cxd5 d6 20.Rg1+ Kf6 21.c4 Ba6 22.Rg4 Rg8
23.Rf4 Rae8 24.Be2 Rg5 25.Kc2 Reg8 26.Kc3 Rg1 27.Rxg1 Rxg1 28.Nf3 Rg2 29.Nd2 Rxh2
30.Ne4+ Ke7 31.Bg4 f6 32.Ng3 Nxc4 33.Be2 b5 34.Bxc4 bxc4 35.Re4+ Kd7 36.Re6 Rxf2
37.Ne4 Rxf5 38.Rxd6+ Kc7 39.Rxa6 Rxd5 40.Kxc4 Re5 41.Nxf6 Kb7 42.Ra3 h5 43.e4 Re6
44.Rf3 h4 45.Kd5 Ra6 46.Nd7 Rxa2 47.Nxc5+ Kb6 48.Rf6+ Kb5 49.Nb3 h3 50.Rh6 h2
51.e5 Kb4 52.Nd4 a5 53.e6 Rf2 54.e7 a4 55.e8=Q a3 56.Qb5+ Kc3 57.Rh3+ Kd2
58.Qb4+ Kd1 59.Qxa3 Rd2  0-1

[Event "ch-Siberia Men"]
[Site "Barnaul RUS"]
[Date "2011.05.23"]
[Round "4"]
[White "Kurash,Alexander"]
[Black "Kaluga,S"]
[Result "0-1"]
[WhiteElo "1855"]
[BlackElo "2216"]

1.d4 Nf6 2.Nf3 e6 3.c4 b6 4.Nc3 Bb7 5.e3 Bb4 6.Bd2 O-O 7.Bd3 c5 8.a3 Bxc3
9.Bxc3 Ne4 10.Bxe4 Bxe4 11.dxc5 bxc5 12.Qd6 Bxf3 13.Qg3 f6 14.Qxf3 Nc6 15.O-O Qe7
16.Rfd1 a5 17.Rd2 Ra7 18.Rad1 a4 19.Rd6 Nd4 20.R6xd4 cxd4 21.Bb4 d6 22.Rxd4 Rd8
23.Qd1 Ra6 24.c5 d5 25.e4 Qb7 26.b3 axb3 27.Qxb3 Qc6 28.f4 Raa8 29.Qd1 g6
30.Qd3 Kg7 31.f5 dxe4 32.Qxe4 Qxe4 33.Rxe4 e5 34.fxg6 hxg6 35.Rc4 Ra6 36.c6 Rc8
37.c7 Kf7 38.Rc5 Ke6 39.Ba5 Kd6 40.Rb5 Kc6 41.Rb8 Ra8  0-1

[Event "Chicago Open"]
[Site "Wheeling USA"]
[Date "2011.05.28"]
[Round "5"]
[White "Gareev,T"]
[Black "Romanenko,Vl"]
[Result "1-0"]
[WhiteElo "2610"]
[BlackElo "2467"]

1.d4 Nf6 2.c4 e6 3.Nf3 b6 4.Nc3 Bb7 5.a3 Be7 6.d5 O-O 7.e4 exd5 8.cxd5 d6
9.Bc4 Nbd7 10.Bf4 Re8 11.O-O a6 12.Re1 Ng4 13.Nd4 Nge5 14.Bf1 g6 15.Bg3 h5
16.h3 h4 17.Bh2 c5 18.Nc2 b5 19.f4 Nc4 20.Bxc4 bxc4 21.Ne3 Nb6 22.Qf3 Bf6
23.e5 dxe5 24.fxe5 Bxe5 25.Bxe5 Rxe5 26.Ng4 Re7 27.Qf4 f5 28.Nh6+ Kf8 29.Rxe7 Qxe7
30.Nxf5 gxf5 31.Qh6+ Kf7 32.Qxb6 Rg8 33.Rf1 Rg5 34.Qh6 Qe3+ 35.Kh1 Qg3 36.Rxf5+ Rxf5
37.Qh7+ Ke8 38.Qxf5 Qe1+ 39.Kh2 Qg3+ 40.Kg1 Qe1+ 41.Qf1 Qe3+ 42.Qf2 Qd4 43.Kf1 Bxd5
44.Qxd4 Bxg2+ 45.Kxg2 cxd4 46.Nd1 Kd7 47.Kf3 Kc6 48.Ke4 Kc5 49.Nf2 a5 50.Ke5 c3
51.b3 a4 52.Nd3+  1-0

[Event "3rd Orissa Open"]
[Site "Bhubaneswar IND"]
[Date "2011.05.30"]
[Round "4"]
[White "Mchedlishvili,M"]
[Black "Karthikeyan,P2"]
[Result "1-0"]
[WhiteElo "2629"]
[BlackElo "2379"]

1.d4 Nf6 2.Nf3 e6 3.c4 b6 4.Nc3 Bb4 5.Bg5 Bb7 6.e3 Bxc3+ 7.bxc3 h6 8.Bh4 d6
9.Nd2 Qe7 10.f3 g5 11.Bf2 Nc6 12.Qa4 O-O-O 13.e4 Kb8 14.c5 dxc5 15.Bb5 Qe8
16.dxc5 e5 17.Rb1 Qe6 18.Nb3 Rc8 19.c4 g4 20.cxb6 cxb6 21.c5 Nd7 22.cxb6 Nxb6
23.Qa3 Nd4 24.Nxd4 exd4 25.O-O gxf3 26.Qxf3 Bxe4 27.Qf4+ Ka8 28.Rbe1 f5 29.Bd3 Rhe8
30.Bxd4 Rcd8 31.Bxe4+ fxe4 32.Be3 Rd6 33.Rd1 Red8 34.Rxd6 Rxd6 35.Qf8+ Kb7
36.Rf7+ Ka6 37.h3 Rd1+ 38.Kh2 Qd6+ 39.Qxd6 Rxd6 40.Re7 Nd5 41.Rxe4 Nxe3 42.Rxe3 Kb5
43.a3 a5 44.g4 a4 45.h4 Kc4 46.g5 hxg5 47.hxg5 Kd4 48.Rf3 Rg6 49.Rg3 Ke5
50.Kh3 Kf4 51.Rg4+ Kf5 52.Rxa4 Rc6 53.Kh4 Kg6 54.Kg4 Rb6 55.Rf4 Ra6 56.a4 Ra5
57.Kh4 Ra6  1-0

[Event "25th Open Pula"]
[Site "Pula CRO"]
[Date "2011.06.22"]
[Round "6.26"]
[White "Voscilla,A"]
[Black "Sandhu,M"]
[Result "0-1"]
[WhiteElo "2201"]
[BlackElo "2312"]

1.d4 Nf6 2.c4 e6 3.Nf3 b6 4.Nc3 Bb7 5.Qc2 c5 6.e4 cxd4 7.Nxd4 d6 8.Be2 Nbd7
9.O-O a6 10.Re1 Be7 11.Bg5 O-O 12.Bf1 Qc7 13.Rad1 Rfe8 14.Kh1 h6 15.Bh4 Nc5
16.f3 Rac8 17.Rc1 Qb8 18.Red1 Ncd7 19.Bf2 Bd8 20.Qd2 Bc7 21.g3 Ne5 22.b3 Qa8
23.Bg2 Red8 24.h3 Ng6 25.Na4 Nd7 26.Kh2 d5 27.exd5 exd5 28.Nf5 Nc5 29.Qc3 Be5
30.Bd4 Nxa4 31.bxa4 Rxc4 32.Qb2 Bxd4 33.Rxd4 Rxc1 34.Rxd5 f6 35.Rxd8+ Qxd8
36.Qxc1 Ne5 37.Qc3 Qd7 38.g4 Qxa4 39.Qc7 Qd7 40.Qxb6 Bxf3 41.Qb3+ Qf7  0-1

[Event "35th ch-Gleisdorf"]
[Site "Gleisdorf AUT"]
[Date "2011.06.26"]
[Round "5"]
[White "Schrank,M"]
[Black "Braun,Ka"]
[Result "0-1"]
[WhiteElo "1862"]
[BlackElo "2015"]

1.d4 Nf6 2.c4 e6 3.Nc3 b6 4.Nf3 Bb7 5.e3 Be7 6.Be2 O-O 7.O-O d5 8.b3 Nbd7
9.Bb2 c5 10.cxd5 cxd4 11.Qxd4 exd5 12.Rac1 Bc5 13.Qh4 Re8 14.Bd3 Qe7 15.Nd4 Bxd4
16.Qxd4 Nc5 17.Bf5 h6 18.Ba1 Rad8 19.Bg4 Nce4 20.Bf3 Rd7 21.Bg4 Rc7 22.Nxe4 dxe4
23.Rxc7 Qxc7 24.f3 Rd8 25.Qb2 Qc5 26.Re1 Qa5 27.Qc1 Nxg4 28.fxg4 Rc8 29.Qd1 Ba6
30.Kf2 Qxa2+ 31.Kg3 Bd3 32.g5 Rc2 33.gxh6 Rxg2+ 34.Kf4 Qf2+ 35.Ke5 Qf6+ 36.Kd5 Rg5+  0-1

[Event "ch-Commonwealth RSA-Open"]
[Site "Ekurhuleni RSA"]
[Date "2011.06.30"]
[Round "8"]
[White "Kobese,W"]
[Black "Harika,D"]
[Result "0-1"]
[WhiteElo "2355"]
[BlackElo "2520"]

1.d4 Nf6 2.Nf3 e6 3.c4 b6 4.Nc3 Bb4 5.e3 Bb7 6.Bd3 O-O 7.O-O d5 8.cxd5 exd5
9.Ne5 Nbd7 10.Bf5 Nxe5 11.dxe5 Ne4 12.Ne2 g6 13.f3 Ng5 14.Bc2 a5 15.a3 Bc5
16.Rb1 Qe7 17.Kh1 Ba6 18.Re1 Rfd8 19.Nd4 Bb7 20.Ba4 Bxd4 21.exd4 c5 22.b4 axb4
23.axb4 cxd4 24.Bc2 Rdc8 25.Bd3 Ra2 26.Qb3 Rf2 27.Bf4 Ne4 28.Kg1 Qh4 29.Bxe4 Qxf4
30.Kxf2 dxe4 31.Rb2 Qh4+ 32.Kf1 Qxh2 33.fxe4 Rc3 34.Qd1 Bxe4 35.Qg4 Bf5 36.Qg5 h6
37.Qd8+ Kh7 38.Qxd4 Rf3+ 39.Ke2 Qxg2+ 40.Kd1 Qg3  0-1

[Event "TCh-TUR 2011"]
[Site "Konya TUR"]
[Date "2011.07.02"]
[Round "6"]
[White "Genc,C"]
[Black "Citak,S"]
[Result "1-0"]
[WhiteElo "2213"]
[BlackElo "2356"]

1.d4 Nf6 2.Nf3 e6 3.c4 b6 4.Nc3 Bb7 5.Qc2 Bb4 6.Bg5 h6 7.Bh4 g5 8.Bg3 Ne4
9.e3 Bxc3+ 10.bxc3 d6 11.Bd3 f5 12.h4 g4 13.Nd2 Nxg3 14.fxg3 Qe7 15.e4 Nc6
16.O-O fxe4 17.Bxe4 O-O-O 18.Bg6 Rdf8 19.Bh5 Nd8 20.Rxf8 Rxf8 21.Rf1 Rg8
22.Kh2 e5 23.d5 Kb8 24.Ne4 Bc8 25.Qe2 Rf8 26.Rxf8 Qxf8 27.Bxg4 Ba6 28.Bd7 Qf7
29.Bg4 Nb7 30.Be6 Qf8 31.Qf3 Qg7 32.Qf6 Qxf6 33.Nxf6 Bxc4 34.g4 Nd8 35.Bg8 Bxa2
36.g5 hxg5 37.h5 Bb1 38.h6 c6 39.h7 Bxh7 40.Bxh7 cxd5 41.Nxd5 Kb7 42.Bg8 b5
43.Kg3 a5 44.Kg4 Nc6 45.Kxg5 b4 46.cxb4 axb4 47.Kf6 b3 48.Nc3 Nd4 49.g4 b2
50.Ba2 Kb6 51.g5  1-0

[Event "9th Niki Open"]
[Site "Nachod CZE"]
[Date "2011.07.04"]
[Round "3.23"]
[White "Martinovsky,M"]
[Black "Machan,J"]
[Result "1/2-1/2"]
[WhiteElo "1879"]
[BlackElo "2012"]

1.d4 Nf6 2.Nf3 e6 3.c4 b6 4.Nc3 Bb4 5.Bd2 Bb7 6.a3 Bxc3 7.Bxc3 d6 8.g3 O-O
9.Bg2 Nbd7 10.O-O Ne4 11.Qc2 f5 12.e3 Ndf6 13.Rfd1 g5 14.Nxg5 Qe8 15.Be1 Nxg5
16.Bxb7 Rb8 17.Bg2 Qh5 18.Rd3 Nh3+ 19.Bxh3 Qxh3 20.f3 e5 21.Qg2 Qh5 22.dxe5 dxe5
23.Rdd1 Qf7 24.Qe2 Rfe8 25.Bc3 h5 26.Kh1 Qe6 27.Rd2 Kf7 28.b3 Rh8 29.Rg1 Rbg8
30.Qd3 h4 31.gxh4 Rxg1+ 32.Kxg1 Rg8+ 33.Kh1 e4 34.Qd4 exf3 35.Qxf6+ Qxf6
36.Bxf6 Kxf6 37.Rf2 Rg4 38.Rxf3 Rxh4 39.Kg2 Rh7 40.e4 Rh4 41.exf5 a5 42.a4 Rd4
43.Kg3 Rd1 44.h3 Re1 45.Kf2 Re4 46.Kg3 Re1 47.h4 Rg1+ 48.Kf4 Rh1 49.Kg4 Rg1+
50.Rg3 Rd1 51.Rf3 Rg1+ 52.Kf4 Rh1 53.Kg3 Rg1+ 54.Kh2 Rg4 55.Kh3 Rg1 56.Kh2 Rg7
57.Rf2 Rd7 58.Kg3 Rd3+ 59.Rf3 Rd1 60.Kf4 Rd4+ 61.Kg3 Rd1 62.h5 Rd7 63.Kf4 Rd4+
64.Kg3 Rd7 65.Kf4 Rd4+ 66.Ke3 Rh4 67.Kd3 Rxh5 68.Ke4 c6 69.Ke3  1/2-1/2

[Event "9th Niki Open"]
[Site "Nachod CZE"]
[Date "2011.07.04"]
[Round "3.31"]
[White "Kolibik,J"]
[Black "Peniska,P"]
[Result "1-0"]
[WhiteElo "1646"]
[BlackElo "1946"]

1.d4 Nf6 2.c4 e6 3.Nf3 b6 4.Nc3 Bb4 5.Qc2 Bb7 6.a3 Bxc3+ 7.Qxc3 Ne4 8.Qe3 f5
9.Ng5 Nxg5 10.Qxg5 Qxg5 11.Bxg5 O-O 12.Be7 Re8 13.Bb4 d6 14.Bc3 Nd7 15.f3 Nf6
16.Rg1 a5 17.e3 Kf7 18.O-O-O Rad8 19.Be2 c5 20.dxc5 dxc5 21.Be5 Rxd1+ 22.Rxd1 Re7
23.Bxf6 Kxf6 24.Rd6 Rc7 25.Rxb6 Bc6 26.Ra6 Ke5 27.Rxa5 Kd6 28.Ra6 Rb7 29.f4 Kd7
30.Bf3 Bxf3 31.gxf3 Rb3 32.Ra7+ Kd6 33.Rxg7 Rxe3 34.Rg3 Re2 35.Rh3 Rf2 36.Kb1 Kc6
37.Ka2 Kb6 38.Kb3 Ka5 39.Kc3 Rf1 40.b4+ cxb4+ 41.axb4+ Ka4 42.b5 Rc1+ 43.Kd4 Kb4
44.b6 Rxc4+ 45.Ke5 Rc6 46.b7 Rb6 47.Rxh7 Kb5 48.Rd7  1-0

[Event "Lev Polugaevsky Mem"]
[Site "Samara RUS"]
[Date "2011.07.06"]
[Round "2"]
[White "Palachev,P"]
[Black "Yaksin,O"]
[Result "0-1"]
[WhiteElo "2207"]
[BlackElo "2414"]

1.d4 Nf6 2.Nf3 e6 3.c4 b6 4.Nc3 Bb7 5.a3 d5 6.cxd5 Nxd5 7.Qc2 Be7 8.e4 Nxc3
9.bxc3 O-O 10.Bd3 c5 11.O-O Nc6 12.Bb2 cxd4 13.cxd4 Rc8 14.Qe2 Bf6 15.Rad1 Na5
16.Rfe1 Kh8 17.Bb5 Rc7 18.d5 Bxb2 19.Qxb2 exd5 20.exd5 Rc5 21.Ne5 Rxd5 22.Nxf7+ Rxf7
23.Rxd5 Bxd5 24.Qd2 Rf8 25.Rd1 a6 26.Be2 Qf6 27.Bxa6 Bc4 28.Bxc4 Nxc4 29.Qa2 Nxa3  0-1

[Event "38th ch-IND w Challengers"]
[Site "Chennai IND"]
[Date "2011.07.07"]
[Round "8"]
[White "Poojakanth,M"]
[Black "Sree,L"]
[Result "0-1"]
[WhiteElo "1767"]
[BlackElo "1876"]

1.d4 Nf6 2.c4 e6 3.Nf3 b6 4.Nc3 Bb4 5.Qc2 Bb7 6.a3 Bxc3+ 7.Qxc3 Ne4 8.Qc2 d6
9.g3 Nd7 10.Bg2 Qc8 11.O-O O-O 12.b4 Re8 13.Bb2 c5 14.dxc5 dxc5 15.Rfd1 Qc7
16.Rac1 Rac8 17.Qb1 f6 18.Rd3 Nb8 19.Re3 Nd6 20.Bh3 Qf7 21.Qa2 Nf5 22.Rd3 Qh5
23.Bg2 e5 24.Rd2 e4 25.Ne1 e3 26.Rdc2 exf2+ 27.Kxf2 Bxg2 28.Nxg2 Qxh2 29.Rc3 Nd4
30.e3 Ne2 31.Qb1 Nxc3 32.Bxc3 Qh5 33.Nf4 Qf7 34.Rh1 g6 35.Nd5 Nd7 36.Qa1 Qe6
37.Bxf6 Rf8  0-1